[Event "HUN-chT2 Barcza 0304"]
[Site "Hungary"]
[Date "2004.04.18"]
[Round "11"]
[White "Bondar, Istvan"]
[Black "Timar, Jozsef"]
[Result "1-0"]
[WhiteElo "1839"]
[BlackElo "1873"]
[PlyCount "74"]
[EventDate "2003.08.29"]
[EventType "team"]
[EventRounds "11"]
[EventCountry "HUN"]
[SourceTitle "EXT 2009"]
[Source "ChessBase"]
[SourceDate "2008.11.26"]
[SourceVersion "1"]
[SourceVersionDate "2008.11.26"]
[SourceQuality "1"]
[WhiteTeam "Derecske"]
[BlackTeam "Debrecen Betu"]
[WhiteTeamCountry "HUN"]
[BlackTeamCountry "HUN"]

1. e4 c6 2. d4 d5 3. Nc3 dxe4 4. Nxe4 Nd7 5. Bc4 Ngf6 6. Ng5 e6 7. Bf4 h6 8. N5f3 Nb6 9. Bb3 Be7 10. Ne2 0-0 11. Qd3 Nbd5 12. Bd2 a5 13. a3 a4 14. Ba2 Bd6 15. c4 Ne7 16. Rd1 Ng6 17. Bb1 Re8 18. 0-0 Nh7 19. Nc3 f5 20. Rfe1 Nf6 21. Bc2 Bf4 22. Nxa4 Ne4 23. Bxf4 Nxf4 24. Qe3 g5 25. Bxe4 fxe4 26. Nc5 exf3 27. Qxf3 b6 28. Ne4 Ra7 29. g3 Ng6 30. Nf6+ Kg7 31. Nxe8+ Qxe8 32. Qc3 Kh7 33. b4 Rf7 34. d5 cxd5 35. cxd5 e5 36. d6 Bb7 37. d7 Qd8 1-0